00497 2200193 4500001002100000005001700021035002400038040001200062082001100074084001900085100002600104245005300130250001000183260003900193300002700232650001700259850001200276990001500288YOGYA00000000001522420170214083426.0 0010-081400000014942 aYOPDYOG a808.83 aK 808.83 Joh R aJohnson, Lois Walfrid aRahasia pilihan terbaik /cJohnson, Lois Walfrid acet.1 aBandungbYayasan Kalam Hidupc1988 a135 hlm.bilus.c19 cm aKarya sastra aYOPDYOG a43368-P/93